Les départements les plus peuplées de France A-Z - Statistiques

Statistiques générales
  • Ce quiz a été pris 155 fois
  • Le résultat moyen est 17 sur 20
Statistiques - réponses
Lettre Population Département % Correct
B 2 034 357 Bouches-du-Rhône
96%
P 2 175 601 Paris
96%
Y 1 441 398 Yvelines
96%
F 911 735 Finistère
92%
G 1 601 845 Gironde
92%
N 2 606 234 Nord
92%
O 827 153 Oise
89%
A 1 086 219 Alpes-Maritimes
88%
R 38 771 Rhone
88%
I 1 263 563 Isère
87%
J 259 746 Jura
87%
T 388 596 Tarn
84%
D 541 454 Doubs
82%
E 1 296 641 Essonne
81%
C 694 056 Calvados
80%
S 1 632 677 Seine-Saint-Denis
79%
L 1 412 502 Loire-Atlantique
76%
H 1 619 120 Hauts-de-Seine
74%
M 1 043 524 Moselle
71%
V 1 396 913 Val-de-Marne
68%
Aucun quiz correspondant
Distribution des résultats
% des personnes avec chaque résultat
Percentile par nombre de réponses
Votre historique - résultats
Vous n’avez pas pris ce quiz